[Event "Deutsche Ländermeisterschaft 2012"]
[Site "Hannover GER"]
[Date "2012.10.02"]
[Round "6"]
[White "Geske, Julian"]
[Black "Mundorf, Johannes"]
[Result "1/2-1/2"]
[Termination "normal"]
[Board "1.1"]
[WhiteTitle "20"]
[BlackTitle "18"]
[WhiteElo "2401"]
[BlackElo "2161"]
[WhiteTeam "Hessen 1"]
[BlackTeam "Nordrhein-Westfalen"]
[PlyCount "49"]
[WhiteFideId "24605263"]
[BlackFideId "24672491"]
[EventCountry "GER"]
[EventRounds "7"]
[EventType "team-swiss"]
[EventDate "2012.09.28"]

1. e4 e6 2. d4 d5 3. Nd2 Nc6 4. Ngf3 Nf6 5. e5 Nd7 6. Be2 f6 7. exf6 Qxf6 8.
Nf1 Bd6 9. Ne3 O-O 10. O-O Qf7 11. c4 Nf6 12. c5 Bf4 13. Re1 e5 14. dxe5 Nxe5
15. Nxe5 Bxe5 16. Bf3 c6 17. Nxd5 Bxh2+ 18. Kxh2 Nxd5 19. Qd4 Be6 20. b3 Rad8
21. Qh4 Nf6 22. Bg5 Bd5 23. Be2 Qg6 24. f3 Rde8 25. Bc4 1/2-1/2

[Event "Deutsche Ländermeisterschaft 2012"]
[Site "Hannover GER"]
[Date "2012.10.02"]
[Round "6"]
[White "Florstedt, Johannes"]
[Black "Schröder, Jan-Christian"]
[Result "1/2-1/2"]
[Termination "normal"]
[Board "1.2"]
[WhiteTitle "16"]
[BlackTitle "14"]
[WhiteElo "2056"]
[BlackElo "2349"]
[WhiteTeam "Nordrhein-Westfalen"]
[BlackTeam "Hessen 1"]
[PlyCount "57"]
[WhiteFideId "12922293"]
[BlackFideId "24662259"]
[EventCountry "GER"]
[EventRounds "7"]
[EventType "team-swiss"]
[EventDate "2012.09.28"]

1. e4 e5 2. Nf3 Nc6 3. Bc4 Nf6 4. Ng5 d5 5. exd5 Na5 6. Bb5+ c6 7. dxc6 bxc6 8.
Bd3 Nd5 9. Nf3 Bd6 10. O-O Nf4 11. Re1 Nxd3 12. cxd3 O-O 13. Nc3 Bg4 14. h3 Bh5
15. b4 Nb7 16. Bb2 a5 17. Ne4 axb4 18. Nxd6 Qxd6 19. Rxe5 Bxf3 20. Qxf3 Nc5 21.
Qg4 g6 22. Qxb4 Rfb8 23. Qc3 Rxb2 24. Rxc5 Rxd2 25. Rxc6 Qxd3 26. Qxd3 Rxd3 27.
a4 Ra5 28. Rc4 Rd2 29. Rf4 1/2-1/2

[Event "Deutsche Ländermeisterschaft 2012"]
[Site "Hannover GER"]
[Date "2012.10.02"]
[Round "6"]
[White "Hahn, Markus"]
[Black "Schröder, Kevin"]
[Result "1/2-1/2"]
[Termination "normal"]
[Board "1.3"]
[WhiteTitle "18"]
[BlackTitle "12"]
[WhiteElo "2195"]
[BlackElo "2009"]
[WhiteTeam "Hessen 1"]
[BlackTeam "Nordrhein-Westfalen"]
[PlyCount "40"]
[WhiteFideId "24654647"]
[BlackFideId "12929840"]
[EventCountry "GER"]
[EventRounds "7"]
[EventType "team-swiss"]
[EventDate "2012.09.28"]

1. d4 d5 2. c4 e6 3. Nf3 Nf6 4. g3 Be7 5. Bg2 O-O 6. O-O dxc4 7. Qa4 a6 8. Qxc4
b5 9. Qc2 Bb7 10. Bd2 Be4 11. Qc1 Bb7 12. Qc2 Be4 13. Qc1 Bb7 14. a3 Nbd7 15.
b4 Nb6 16. Bc3 Ne4 17. Nbd2 Bf6 18. Rd1 Nxd2 19. Bxd2 Nc4 20. a4 Qe7 1/2-1/2

[Event "Deutsche Ländermeisterschaft 2012"]
[Site "Hannover GER"]
[Date "2012.10.02"]
[Round "6"]
[White "Kuckling, Hannah"]
[Black "Galkin, Wladislaw"]
[Result "1-0"]
[Termination "normal"]
[Board "1.4"]
[WhiteTitle "16w"]
[BlackTitle "16"]
[WhiteElo "1845"]
[BlackElo "2091"]
[WhiteTeam "Nordrhein-Westfalen"]
[BlackTeam "Hessen 1"]
[PlyCount "95"]
[WhiteFideId "24603660"]
[BlackFideId "4603192"]
[EventCountry "GER"]
[EventRounds "7"]
[EventType "team-swiss"]
[EventDate "2012.09.28"]

1. e4 e5 2. Nf3 Nc6 3. Bb5 a6 4. Ba4 Nf6 5. O-O b5 6. Bb3 Be7 7. Re1 d6 8. c3
O-O 9. d4 Bg4 10. Be3 exd4 11. cxd4 Na5 12. Bc2 Nc4 13. Bc1 c5 14. b3 Nb6 15.
Bb2 Rc8 16. Nbd2 Nfd7 17. h3 Bh5 18. Rc1 cxd4 19. Bxd4 Bf6 20. g4 Bg6 21. Nf1
Ne5 22. Nxe5 dxe5 23. Be3 Nd7 24. Qd5 Qe7 25. Bb1 Bh4 26. Rxc8 Rxc8 27. Qb7 Rb8
28. Qxa6 Nf6 29. Nd2 h5 30. Nf3 Nxe4 31. Qc6 Qb4 32. a3 Qc3 33. Qxc3 Nxc3 34.
Bxg6 Bxf2+ 35. Bxf2 fxg6 36. Nxe5 hxg4 37. hxg4 Ra8 38. Bc5 Kh7 39. Kg2 g5 40.
Nf3 Nd5 41. Nxg5+ Kg6 42. Nf3 Ra6 43. Kg3 Nf6 44. Ne5+ Kh7 45. g5 Nd5 46. g6+
Kg8 47. Rd1 Ra8 48. Rxd5 1-0

[Event "Deutsche Ländermeisterschaft 2012"]
[Site "Hannover GER"]
[Date "2012.10.02"]
[Round "6"]
[White "Bluhm, Sonja Maria"]
[Black "Sabirov, Ramil"]
[Result "1/2-1/2"]
[Termination "normal"]
[Board "1.5"]
[WhiteTitle "14w"]
[BlackTitle "14"]
[WhiteElo "1981"]
[BlackElo "1841"]
[WhiteTeam "Hessen 1"]
[BlackTeam "Nordrhein-Westfalen"]
[PlyCount "85"]
[WhiteFideId "24654027"]
[BlackFideId "12900303"]
[EventCountry "GER"]
[EventRounds "7"]
[EventType "team-swiss"]
[EventDate "2012.09.28"]

1. e4 c5 2. Nf3 d6 3. d4 cxd4 4. Nxd4 Nf6 5. Nc3 a6 6. Be2 e5 7. Nb3 Be6 8. O-O
Be7 9. Kh1 Nc6 10. f4 exf4 11. Bxf4 O-O 12. Nd4 Qd7 13. Nxc6 bxc6 14. Bf3 Ng4
15. Qd4 Rfd8 16. Rad1 Qc7 17. Bxg4 Bxg4 18. Rde1 Bf6 19. Qd3 Be6 20. Qg3 Be5
21. Nd1 Rab8 22. b3 Qa5 23. a4 Rb4 24. Nf2 Bxf4 25. Qxf4 d5 26. Nd3 Rxe4 27.
Rxe4 dxe4 28. Qxe4 Qd5 29. Qxd5 Bxd5 30. Nc5 a5 31. c4 Be6 32. Nb7 Ra8 33. Rd1
Kf8 34. Kg1 Ke7 35. Kf2 Ra7 36. Nc5 g5 37. Ke3 Ra8 38. Nb7 Ra7 39. Nc5 Ra8 40.
Ke4 h5 41. Nb7 Ra7 42. Nc5 Ra8 43. Rd2 1/2-1/2

[Event "Deutsche Ländermeisterschaft 2012"]
[Site "Hannover GER"]
[Date "2012.10.02"]
[Round "6"]
[White "Nothnagel, Marian Can"]
[Black "Schrader, Elanor"]
[Result "1-0"]
[Termination "normal"]
[Board "1.7"]
[WhiteTitle "12"]
[BlackTitle "18w"]
[WhiteElo "1738"]
[BlackElo "1769"]
[WhiteTeam "Hessen 1"]
[BlackTeam "Nordrhein-Westfalen"]
[PlyCount "75"]
[WhiteFideId "12921530"]
[BlackFideId "12951919"]
[EventCountry "GER"]
[EventRounds "7"]
[EventType "team-swiss"]
[EventDate "2012.09.28"]

1. e4 c5 2. c3 d5 3. exd5 Qxd5 4. Nf3 Bg4 5. Be2 Nc6 6. d4 cxd4 7. cxd4 Rd8 8.
Be3 e5 9. Nc3 Bb4 10. dxe5 Bxf3 11. Bxf3 Qxe5 12. Bxc6+ bxc6 13. Qc2 Nf6 14.
Rc1 O-O 15. a3 Ba5 16. b4 Bb6 17. Nd1 Nd5 18. Qe2 Rfe8 19. O-O Bxe3 20. Nxe3
Nxe3 21. fxe3 Qxe3+ 22. Qxe3 Rxe3 23. Rxc6 Rxa3 24. Rc7 f6 25. Re1 Ra2 26. h3
g5 27. Ree7 a6 28. Rg7+ Kf8 29. Rxh7 Kg8 30. Rcg7+ Kf8 31. Ra7 Kg8 32. Rhb7
Ra1+ 33. Kh2 Ra2 34. Kg3 Rd3+ 35. Kg4 Rxg2+ 36. Kf5 Rf2+ 37. Kg6 Rd8 38. Rg7+
1-0

[Event "Deutsche Ländermeisterschaft 2012"]
[Site "Hannover GER"]
[Date "2012.10.02"]
[Round "6"]
[White "Möller, Lisa-Marie"]
[Black "Graf, Clara Victoria"]
[Result "1/2-1/2"]
[Termination "normal"]
[Board "1.8"]
[WhiteTitle "12w"]
[BlackTitle "12w"]
[WhiteElo "1347"]
[BlackElo "1740"]
[WhiteTeam "Nordrhein-Westfalen"]
[BlackTeam "Hessen 1"]
[PlyCount "44"]
[WhiteFideId "12959367"]
[BlackFideId "1270339"]
[EventCountry "GER"]
[EventRounds "7"]
[EventType "team-swiss"]
[EventDate "2012.09.28"]

1. e4 c5 2. Nf3 Nc6 3. d4 cxd4 4. Nxd4 g6 5. c4 Nf6 6. Nc3 Nxd4 7. Qxd4 d6 8.
Be3 Bg7 9. Be2 O-O 10. Qd2 a5 11. Rc1 a4 12. f3 Be6 13. Nd5 Bxd5 14. cxd5 a3
15. b3 Nd7 16. Bd4 f5 17. Bxg7 Kxg7 18. Qd4+ Kg8 19. O-O f4 20. Rc2 Kf7 21.
Rfc1 h6 22. Bb5 Qb6 1/2-1/2

[Event "Deutsche Ländermeisterschaft 2012"]
[Site "Hannover GER"]
[Date "2012.10.02"]
[Round "6"]
[White "Graf, Felix"]
[Black "Schmitt, Philipp"]
[Result "1-0"]
[Termination "normal"]
[Board "2.1"]
[WhiteTitle "20"]
[BlackTitle "20"]
[WhiteElo "2449"]
[BlackElo "2200"]
[WhiteTeam "Bayern"]
[BlackTeam "Baden"]
[PlyCount "89"]
[WhiteFideId "24608904"]
[BlackFideId "24641766"]
[EventCountry "GER"]
[EventRounds "7"]
[EventType "team-swiss"]
[EventDate "2012.09.28"]

1. d4 e6 2. Nf3 d5 3. e3 Nf6 4. Bd3 c5 5. b3 Nc6 6. O-O Be7 7. Bb2 O-O 8. Nbd2
Qc7 9. a3 b6 10. dxc5 bxc5 11. c4 Rd8 12. cxd5 exd5 13. Qc2 h6 14. Rac1 Ng4 15.
e4 Bb7 16. exd5 Nce5 17. Bh7+ Kh8 18. Rfe1 Nxf3+ 19. Nxf3 Bxd5 20. Be4 Nf6 21.
Bxf6 Bxf6 22. Qxc5 Qxc5 23. Rxc5 Bxe4 24. Rxe4 Rd1+ 25. Re1 Rxe1+ 26. Nxe1 Rd8
27. Kf1 Rd1 28. Ke2 Rb1 29. b4 Bd4 30. Rc8+ Kh7 31. Nc2 Be5 32. Rc5 f6 33. h4
Kg6 34. g3 Rb3 35. h5+ Kf7 36. Ra5 Bb8 37. Rb5 Rc3 38. Kd2 Rc8 39. Rb7+ Kg8 40.
Ne3 a5 41. bxa5 Bd6 42. a6 Ra8 43. a7 Kh7 44. Nd5 Bc5 45. Nxf6+ 1-0

[Event "Deutsche Ländermeisterschaft 2012"]
[Site "Hannover GER"]
[Date "2012.10.02"]
[Round "6"]
[White "Becker, Matthias"]
[Black "Berchtenbreiter, Maximilian"]
[Result "1/2-1/2"]
[Termination "normal"]
[Board "2.2"]
[WhiteTitle "18"]
[BlackTitle "18"]
[WhiteElo "2024"]
[BlackElo "2328"]
[WhiteTeam "Baden"]
[BlackTeam "Bayern"]
[PlyCount "44"]
[WhiteFideId "12915564"]
[BlackFideId "24641120"]
[EventCountry "GER"]
[EventRounds "7"]
[EventType "team-swiss"]
[EventDate "2012.09.28"]

1. e4 e6 2. d4 d5 3. Nc3 Nf6 4. e5 Nfd7 5. f4 c5 6. Nf3 Nc6 7. Be3 a6 8. Qd2 b5
9. dxc5 Nxc5 10. Qf2 Qe7 11. Bd3 f5 12. exf6 gxf6 13. O-O-O b4 14. Ne2 Bb7 15.
Ned4 Nxd4 16. Bxd4 Ne4 17. Bxe4 dxe4 18. Nd2 Rg8 19. Nc4 Rc8 20. Qe2 Rg6 21.
Bb6 Bd5 22. Ne3 Qb7 1/2-1/2

[Event "Deutsche Ländermeisterschaft 2012"]
[Site "Hannover GER"]
[Date "2012.10.02"]
[Round "6"]
[White "Spiegelberg, Silvia"]
[Black "Weber, Daniel"]
[Result "0-1"]
[Termination "normal"]
[Board "2.4"]
[WhiteTitle "16w"]
[BlackTitle "16"]
[WhiteElo "1900"]
[BlackElo "1816"]
[WhiteTeam "Baden"]
[BlackTeam "Bayern"]
[PlyCount "42"]
[WhiteFideId "24654450"]
[BlackFideId "24615498"]
[EventCountry "GER"]
[EventRounds "7"]
[EventType "team-swiss"]
[EventDate "2012.09.28"]

1. e4 e6 2. d4 d5 3. exd5 exd5 4. c4 Nf6 5. Nc3 c6 6. Nf3 Be7 7. Bd3 O-O 8.
cxd5 Nxd5 9. O-O Bg4 10. Re1 Bf6 11. Be4 Nb6 12. d5 Bxc3 13. bxc3 Nxd5 14.
Bxh7+ Kxh7 15. Qd3+ Kg8 16. Ng5 Nf6 17. Qc4 Qd5 18. Qf4 Nbd7 19. f3 Bh5 20. Bb2
Rfe8 21. Red1 Re2 0-1

[Event "Deutsche Ländermeisterschaft 2012"]
[Site "Hannover GER"]
[Date "2012.10.02"]
[Round "6"]
[White "Bilchinski, Anton"]
[Black "Riehle, Marco"]
[Result "1-0"]
[Termination "normal"]
[Board "2.5"]
[WhiteTitle "14"]
[BlackTitle "14"]
[WhiteElo "1891"]
[BlackElo "1818"]
[WhiteTeam "Bayern"]
[BlackTeam "Baden"]
[PlyCount "63"]
[WhiteFideId "24615765"]
[BlackFideId "12904392"]
[EventCountry "GER"]
[EventRounds "7"]
[EventType "team-swiss"]
[EventDate "2012.09.28"]

1. d4 Nf6 2. c4 c5 3. d5 b5 4. f3 e6 5. e4 Bd6 6. Bg5 h6 7. Be3 exd5 8. cxd5 a6
9. a4 Bb7 10. axb5 axb5 11. Rxa8 Bxa8 12. Na3 Nh5 13. Nxb5 Qh4+ 14. Bf2 Bg3 15.
hxg3 Qxh1 16. Nc7+ Ke7 17. Nxa8 Nxg3 18. Bxg3 Qxg1 19. d6+ Kf8 20. Bf2 Qh2 21.
Nb6 Qe5 22. Nc4 Qh5 23. Qa4 g6 24. Qa7 Kg7 25. Qxc5 Qxc5 26. Bxc5 Nc6 27. Nb6
Rd8 28. b4 Kf6 29. b5 Ne5 30. Nd5+ Ke6 31. Nc7+ Kf6 32. f4 1-0

[Event "Deutsche Ländermeisterschaft 2012"]
[Site "Hannover GER"]
[Date "2012.10.02"]
[Round "6"]
[White "Martin, Julian"]
[Black "Dürr, Florian"]
[Result "1/2-1/2"]
[Termination "normal"]
[Board "2.6"]
[WhiteTitle "12"]
[BlackTitle "12"]
[WhiteElo "1784"]
[BlackElo "1920"]
[WhiteTeam "Baden"]
[BlackTeam "Bayern"]
[PlyCount "100"]
[WhiteFideId "12941000"]
[BlackFideId "24659134"]
[EventCountry "GER"]
[EventRounds "7"]
[EventType "team-swiss"]
[EventDate "2012.09.28"]

1. e4 e6 2. d4 d5 3. exd5 exd5 4. c4 Bb4+ 5. Nc3 Nf6 6. Bd2 O-O 7. Nf3 Nbd7 8.
Be2 dxc4 9. Bxc4 Re8+ 10. Be2 Qe7 11. Rc1 c6 12. a3 Bxc3 13. Rxc3 Nd5 14. Rc2
N7b6 15. Kf1 Bf5 16. Rc1 f6 17. h4 Na4 18. Ng1 Nab6 19. h5 Qe4 20. Nf3 Re7 21.
Rh4 Qe6 22. Ba5 Rae8 23. Bd3 Nc8 24. Kg1 Nd6 25. Qc2 Qd7 26. Qb3 Bxd3 27. Qxd3
Nf5 28. Rh2 Re4 29. Re1 Rxe1+ 30. Bxe1 Qe6 31. g3 Qe4 32. Qd1 Nxd4 33. Nxd4
Qxe1+ 34. Qxe1 Rxe1+ 35. Kg2 Rb1 36. b3 c5 37. Ne6 b6 38. Rh4 Rxb3 39. Nd8 f5
40. g4 f4 41. Rh1 f3+ 42. Kg3 Nf6 43. Re1 Rd3 44. Nc6 Rxa3 45. Re7 h6 46. Ne5
b5 47. Rb7 Ne8 48. Re7 Nf6 49. Rb7 Ne8 50. Re7 Nf6 1/2-1/2

[Event "Deutsche Ländermeisterschaft 2012"]
[Site "Hannover GER"]
[Date "2012.10.02"]
[Round "6"]
[White "Berger, Nadja"]
[Black "Wiesner, Paula"]
[Result "0-1"]
[Termination "normal"]
[Board "2.7"]
[WhiteTitle "16w"]
[BlackTitle "14w"]
[WhiteElo "1769"]
[BlackElo "1810"]
[WhiteTeam "Bayern"]
[BlackTeam "Baden"]
[PlyCount "60"]
[WhiteFideId "24692212"]
[BlackFideId "24654019"]
[EventCountry "GER"]
[EventRounds "7"]
[EventType "team-swiss"]
[EventDate "2012.09.28"]

1. c4 c5 2. Nc3 Nf6 3. g3 Nc6 4. Bg2 g6 5. d3 Bg7 6. e3 O-O 7. Nge2 e6 8. Nf4
Ne7 9. O-O d5 10. Rb1 Rb8 11. a3 b6 12. b4 cxb4 13. axb4 dxc4 14. dxc4 Ba6 15.
b5 Bb7 16. Ba3 Bxg2 17. Kxg2 Qc7 18. Bd6 Qb7+ 19. Qf3 Qxf3+ 20. Kxf3 Rb7 21.
Nfe2 Rc8 22. Rb4 Nf5 23. Bf4 Nh5 24. Ne4 e5 25. Bg5 f6 26. g4 fxg5 27. gxf5
gxf5 28. Nxg5 Bf6 29. Rg1 Rg7 30. Nh3 e4# 0-1

[Event "Deutsche Ländermeisterschaft 2012"]
[Site "Hannover GER"]
[Date "2012.10.02"]
[Round "6"]
[White "Lohrmann, Tabea"]
[Black "Schneider, Jana"]
[Result "0-1"]
[Termination "normal"]
[Board "2.8"]
[WhiteTitle "12w"]
[BlackTitle "12w"]
[WhiteElo "1449"]
[BlackElo "1665"]
[WhiteTeam "Baden"]
[BlackTeam "Bayern"]
[PlyCount "100"]
[WhiteFideId "12911941"]
[BlackFideId "12924997"]
[EventCountry "GER"]
[EventRounds "7"]
[EventType "team-swiss"]
[EventDate "2012.09.28"]

1. e4 e5 2. Nf3 Nc6 3. d4 exd4 4. Bc4 Nf6 5. c3 Nxe4 6. cxd4 d5 7. Bd3 Bb4+ 8.
Bd2 O-O 9. Bxb4 Nxb4 10. O-O Nxd3 11. Qxd3 c6 12. Nc3 Nd6 13. Rfe1 Bf5 14. Qd2
Ne4 15. Qd1 Re8 16. Rc1 Qf6 17. h3 Re6 18. Nxe4 dxe4 19. Nh2 Rd8 20. Qb3 Rd7
21. Ng4 Qg6 22. Rcd1 Bxg4 23. hxg4 Qxg4 24. Re3 Rd8 25. Rg3 Qh5 26. Rh3 Qg4 27.
Rg3 Qf4 28. Re3 Rf6 29. Qc2 Rh6 30. Qxe4 Qxe4 31. Rxe4 Rhd6 32. f3 g6 33. Kf2
c5 34. Ke3 cxd4+ 35. Rdxd4 Rxd4 36. Rxd4 Rxd4 37. Kxd4 Kf8 38. Ke5 Ke7 39. g3
f6+ 40. Ke4 Ke6 41. a3 h5 42. Kf4 Kd5 43. Ke3 Ke5 44. b3 g5 45. Kf2 h4 46. gxh4
gxh4 47. Kg2 Kf4 48. b4 f5 49. a4 h3+ 50. Kxh3 Kxf3 0-1

[Event "Deutsche Ländermeisterschaft 2012"]
[Site "Hannover GER"]
[Date "2012.10.02"]
[Round "6"]
[White "Bräuer, Franz"]
[Black "Schulz, Jens"]
[Result "1-0"]
[Termination "normal"]
[Board "3.1"]
[WhiteTitle "18"]
[BlackTitle "20"]
[WhiteElo "2222"]
[BlackElo "2269"]
[WhiteTeam "Thüringen"]
[BlackTeam "Niedersachsen 1"]
[PlyCount "63"]
[WhiteFideId "24634468"]
[BlackFideId "24675687"]
[EventCountry "GER"]
[EventRounds "7"]
[EventType "team-swiss"]
[EventDate "2012.09.28"]

1. e4 c5 2. Nf3 d6 3. d4 cxd4 4. Nxd4 Nf6 5. Nc3 Nc6 6. f3 e6 7. Be3 a6 8. Qd2
Bd7 9. O-O-O b5 10. g4 Qc7 11. g5 Nh5 12. Nce2 Ne5 13. Ng3 Nxg3 14. hxg3 Nc4
15. Bxc4 Qxc4 16. Kb1 g6 17. Rh4 e5 18. Nb3 Be6 19. f4 a5 20. f5 Bd7 21. Nc5
Bc6 22. b3 Qb4 23. c3 Qa3 24. Qc2 gxf5 25. exf5 Bf3 26. Rf1 a4 27. Rxf3 dxc5
28. b4 cxb4 29. Qe4 O-O-O 30. Qc6+ Kb8 31. Qxb5+ Kc8 32. Rc4+ 1-0

[Event "Deutsche Ländermeisterschaft 2012"]
[Site "Hannover GER"]
[Date "2012.10.02"]
[Round "6"]
[White "Schreiner, Till"]
[Black "Urban, Lars"]
[Result "1/2-1/2"]
[Termination "normal"]
[Board "3.2"]
[WhiteTitle "18"]
[BlackTitle "16"]
[WhiteElo "2222"]
[BlackElo "2064"]
[WhiteTeam "Niedersachsen 1"]
[BlackTeam "Thüringen"]
[PlyCount "56"]
[WhiteFideId "24675555"]
[BlackFideId "4644034"]
[EventCountry "GER"]
[EventRounds "7"]
[EventType "team-swiss"]
[EventDate "2012.09.28"]

1. d4 d5 2. c4 e6 3. Nc3 Nf6 4. cxd5 exd5 5. Bg5 Nbd7 6. e3 Be7 7. Bd3 O-O 8.
Qc2 Re8 9. Nf3 Nf8 10. O-O c6 11. h3 Ng6 12. Bxf6 Bxf6 13. b4 Be6 14. Na4 b6
15. Rac1 Rc8 16. Qb3 Nh4 17. Nxh4 Bxh4 18. Qd1 Be7 19. a3 Bd6 20. Qf3 Qd7 21.
Rb1 g6 22. Nc3 Red8 23. Rfc1 c5 24. bxc5 bxc5 25. Bb5 Qe7 26. Ba6 Rb8 27. dxc5
Bxc5 28. Rd1 Bxa3 1/2-1/2

[Event "Deutsche Ländermeisterschaft 2012"]
[Site "Hannover GER"]
[Date "2012.10.02"]
[Round "6"]
[White "Sukaylo, Aleksey"]
[Black "Grigorian, Spartak"]
[Result "1/2-1/2"]
[Termination "normal"]
[Board "3.3"]
[WhiteTitle "18"]
[BlackTitle "14"]
[WhiteElo "2011"]
[BlackElo "2127"]
[WhiteTeam "Thüringen"]
[BlackTeam "Niedersachsen 1"]
[PlyCount "116"]
[WhiteFideId "12912344"]
[BlackFideId "24661490"]
[EventCountry "GER"]
[EventRounds "7"]
[EventType "team-swiss"]
[EventDate "2012.09.28"]

1. e4 c5 2. Nf3 d6 3. d4 cxd4 4. Nxd4 Nf6 5. Nc3 a6 6. Bg5 Nbd7 7. f4 Qc7 8.
Qf3 h6 9. Bxf6 Nxf6 10. f5 g5 11. fxg6 fxg6 12. O-O-O Bg7 13. Nd5 Nxd5 14. exd5
Qa5 15. Kb1 Rf8 16. Qe4 Kd8 17. Be2 Qb6 18. Bg4 Be5 19. g3 Rf6 20. Rd2 h5 21.
Be6 Bxe6 22. dxe6 Rc8 23. Rhd1 Ke8 24. Ka1 Rxe6 25. c3 Rf6 26. Nf3 Rc5 27. Nxe5
Rxe5 28. Qc4 Kf8 29. a3 Kg7 30. g4 hxg4 31. Qxg4 Qc5 32. h4 b5 33. Rh1 Rf2 34.
Rg1 Rf6 35. Rc2 Kf7 36. Rcg2 Qc4 37. Qd1 Ref5 38. Re1 Rf2 39. Rxf2 Rxf2 40. h5
Qf4 41. hxg6+ Kxg6 42. Rxe7 Rf1 43. Re1 Rxe1 44. Qxe1 Kf6 45. Qd1 Ke6 46. Qc2
Kd5 47. b3 Kc5 48. Kb2 a5 49. b4+ Kb6 50. bxa5+ Kxa5 51. Qe2 d5 52. Qc2 Qe3 53.
Qb3 Qe2+ 54. Qc2 Qc4 55. Qb3 Qe4 56. Qc2 Qe3 57. Qb3 Qe4 58. Qc2 Qe3 1/2-1/2

[Event "Deutsche Ländermeisterschaft 2012"]
[Site "Hannover GER"]
[Date "2012.10.02"]
[Round "6"]
[White "Tennert, Simon"]
[Black "Zahn, Alina"]
[Result "1-0"]
[Termination "normal"]
[Board "3.4"]
[WhiteTitle "16"]
[BlackTitle "14w"]
[WhiteElo "2153"]
[BlackElo "1884"]
[WhiteTeam "Niedersachsen 1"]
[BlackTeam "Thüringen"]
[PlyCount "97"]
[WhiteFideId "1270445"]
[BlackFideId "24696730"]
[EventCountry "GER"]
[EventRounds "7"]
[EventType "team-swiss"]
[EventDate "2012.09.28"]

1. e4 e5 2. Nf3 Nc6 3. Bb5 a6 4. Ba4 Nf6 5. O-O b5 6. Bb3 Be7 7. Qe2 O-O 8. c3
d6 9. Rd1 Na5 10. Bc2 c5 11. d4 Qc7 12. d5 Bg4 13. h3 Bh5 14. Nbd2 h6 15. Nf1
Bg6 16. Nh4 Bh7 17. Nf5 Bxf5 18. exf5 Rab8 19. b3 c4 20. b4 Nb7 21. a4 a5 22.
axb5 axb4 23. cxb4 Ra8 24. Ra6 Rfb8 25. Rc6 Qd7 26. Qxc4 Ne8 27. Be3 Nd8 28.
Ra6 Rc8 29. Qa2 Nc7 30. Bd3 Nxa6 31. bxa6 Rcb8 32. Qc4 Bf6 33. b5 Rc8 34. Qe4
Rcb8 35. Rb1 Qc8 36. Rc1 Qd7 37. b6 Rc8 38. Rb1 Rcb8 39. Bb5 Qe7 40. Rc1 Rc8
41. b7 Nxb7 42. axb7 Qxb7 43. Bc6 Qb2 44. Bxa8 Rxc1 45. Bxc1 Qxc1 46. Bc6 Qb2
47. Ng3 Qc1+ 48. Kh2 Qd2 49. Qe2 1-0

[Event "Deutsche Ländermeisterschaft 2012"]
[Site "Hannover GER"]
[Date "2012.10.02"]
[Round "6"]
[White "Schätz, Bianca"]
[Black "Düssler, Stefanie"]
[Result "0-1"]
[Termination "normal"]
[Board "3.5"]
[WhiteTitle "18w"]
[BlackTitle "18w"]
[WhiteElo "1811"]
[BlackElo "1973"]
[WhiteTeam "Thüringen"]
[BlackTeam "Niedersachsen 1"]
[PlyCount "82"]
[WhiteFideId "24655821"]
[BlackFideId "4634780"]
[EventCountry "GER"]
[EventRounds "7"]
[EventType "team-swiss"]
[EventDate "2012.09.28"]

1. e4 c5 2. Nf3 e6 3. d4 cxd4 4. Nxd4 Nc6 5. Nb5 d6 6. c4 Nf6 7. N1c3 a6 8. Na3
Be7 9. Be3 O-O 10. Be2 b6 11. O-O Bb7 12. f3 Re8 13. Qd2 d5 14. cxd5 exd5 15.
exd5 Nb4 16. d6 Bxd6 17. Rfd1 Nbd5 18. Nxd5 Nxd5 19. Bf2 Bb4 20. Qd3 Qg5 21. h4
Qf6 22. Bf1 Rad8 23. Qd4 Qe7 24. Qe4 Qf6 25. Qd4 Qc6 26. Qc4 Qd6 27. Nc2 Ba5
28. a3 b5 29. Qg4 Bc7 30. g3 Bb6 31. Bxb6 Qxb6+ 32. Qd4 Qg6 33. Qf2 Nf4 34. Nd4
h6 35. Kh2 Nh5 36. Rd2 Qb6 37. Re1 Rxe1 38. Qxe1 Rxd4 39. Qe8+ Kh7 40. Bd3+
Rxd3 41. Rxd3 Qf2+ 0-1

[Event "Deutsche Ländermeisterschaft 2012"]
[Site "Hannover GER"]
[Date "2012.10.02"]
[Round "6"]
[White "Diederichs, Luise"]
[Black "Scheftlein, Richard"]
[Result "1/2-1/2"]
[Termination "normal"]
[Board "3.6"]
[WhiteTitle "16w"]
[BlackTitle "14"]
[WhiteElo "1827"]
[BlackElo "1827"]
[WhiteTeam "Niedersachsen 1"]
[BlackTeam "Thüringen"]
[PlyCount "77"]
[WhiteFideId "24661597"]
[BlackFideId "12945609"]
[EventCountry "GER"]
[EventRounds "7"]
[EventType "team-swiss"]
[EventDate "2012.09.28"]

1. c4 Nf6 2. Nc3 e6 3. Nf3 d5 4. d4 c6 5. Bg5 Be7 6. e3 Nbd7 7. cxd5 exd5 8.
Bd3 O-O 9. O-O Re8 10. Qc2 Nf8 11. Rae1 Ne4 12. Bxe7 Qxe7 13. Nd2 Nxd2 14. Qxd2
Be6 15. f3 Rad8 16. Qf2 Qf6 17. Bc2 Ng6 18. Rd1 Ne7 19. Qd2 Nf5 20. Ne2 Qg5 21.
f4 Qe7 22. Nc3 Nd6 23. f5 Bc8 24. Rde1 Nc4 25. Qc1 Qg5 26. Rf3 f6 27. Rg3 Qh5
28. e4 Kh8 29. Rh3 Qf7 30. Qf4 dxe4 31. Rxe4 Rxe4 32. Nxe4 Qd7 33. d5 cxd5 34.
Qh4 h6 35. Nxf6 Qe7 36. Nxd5 Qxh4 37. Rxh4 Rxd5 38. Rxc4 Bxf5 39. Bxf5 1/2-1/2

[Event "Deutsche Ländermeisterschaft 2012"]
[Site "Hannover GER"]
[Date "2012.10.02"]
[Round "6"]
[White "Nguyen, Huy Dat"]
[Black "Sieber, Fiona"]
[Result "0-1"]
[Termination "normal"]
[Board "3.7"]
[WhiteTitle "12"]
[BlackTitle "12w"]
[WhiteElo "1761"]
[BlackElo "1800"]
[WhiteTeam "Thüringen"]
[BlackTeam "Niedersachsen 1"]
[PlyCount "92"]
[WhiteFideId "12923486"]
[BlackFideId "12902373"]
[EventCountry "GER"]
[EventRounds "7"]
[EventType "team-swiss"]
[EventDate "2012.09.28"]

1. d4 Nf6 2. Nf3 b5 3. g3 Bb7 4. Bg2 d5 5. O-O e6 6. a4 b4 7. Bg5 Nbd7 8. Nbd2
h6 9. Bxf6 Qxf6 10. Re1 Qd8 11. e4 dxe4 12. Nxe4 Be7 13. Qd3 O-O 14. Rad1 Nb6
15. a5 Nd5 16. Ne5 Qc8 17. Nc5 Bxc5 18. dxc5 c6 19. Bh3 Ba6 20. Qf3 Qc7 21.
Nxf7 Bc8 22. Nxh6+ gxh6 23. Qh5 Qg7 24. Bxe6+ Bxe6 25. Rxe6 Rf6 26. Rxc6 Nf4
27. Qh4 Ne2+ 28. Kf1 Rxc6 29. Rd8+ Rxd8 30. Qxd8+ Kh7 31. Kxe2 Re6+ 32. Kf1 Qe5
33. Qd3+ Qe4 34. f3 Qxd3+ 35. cxd3 Kg6 36. Kf2 Kf5 37. d4 Ra6 38. Ke3 Rxa5 39.
g4+ Kf6 40. Ke4 Ra2 41. Kd5 Rxb2 42. Kd6 Rc2 43. d5 b3 44. c6 b2 45. Kd7 b1=Q
46. d6 Qb5 0-1